| 000 | 00900cam a22001814a 4500 | ||
|---|---|---|---|
| 005 | 20250605164344.0 | ||
| 008 | 250528s ||||||||||||||||||||||||d | ||
| 035 | _a23755 | ||
| 040 |
_aGR-AtMCL _bgre _dGR-AtMCL _eAACR2 |
||
| 245 | 1 | _aStudy of Different Geometries of Metal Truss Bridges and Selection of Most Efficient Geometry. | |
| 260 | _c2016 | ||
| 300 | _a90 | ||
| 520 | _aIntroduction, Types of Bridges, Truss Bridges, Geometries (Designs), Materials, Loads, Dead Loads, Traffic Loads, Wind Loads, Snow Loads, Combinations, Mathematical Models, Transverse Beams, 2-D Models, Conclusion, Appendix, Deck Designs, Parabolic Bridge's Designs, Warren Bridges's Designs, Ethical Approval Form, Problems Encountered and Solutions, Project Plan, Engagement with Supervisor, Bibliography, References. | ||
| 700 | 1 |
_aAvgerinos Ioannis _99294 |
|
| 942 | _cDS | ||
| 999 |
_c8697 _d8697 |
||